| 000 | 01389nam1a22002891 4500 | ||
|---|---|---|---|
| 001 | rc\3011571 | ||
| 005 | 20110923202006.3 | ||
| 035 | _a(NLR Aleph) 007154077 | ||
| 090 |
_a7181568 _c7181568 |
||
| 100 | _a20110923d1941 |||y0rusy50 ca | ||
| 101 | 0 | _arus | |
| 102 | _aRU | ||
| 105 | _ay z ||||| | ||
| 200 | 1 |
_aЖизнь животных в рассказах и картинах _eТ. 1- _fПо А. Брэму _gПод ред. проф. Б.М. Житкова и Н.С. Дороватовского |
|
| 210 |
_aМосква _aЛенинград _cДетиздат _d1941 _eМосква |
||
| 215 | _d27 см | ||
| 225 | 1 |
_aШкольная библиотека _a[Для неполной средней и средней школы] |
|
| 327 | 0 | _aВступ. статья: Н.С. Дороватовский. "Альфред-Эдмунд Брем, его жизнь и путешествия" с. 3-14 | |
| 464 | 0 |
_12001#$aАльфред-Эдмунд Брем, его жизнь и путешествия _1700#1$aДороватовский$bН. С.$4070 |
|
| 700 | 1 |
_aБрем _bА. Э. _f1829-1884 _gАльфред Эдмунд |
|
| 702 | 1 |
_aЖитков _bБ. М. _gБорис Михайлович _4340 |
|
| 702 | 1 |
_aДороватовский _bН. С. _4340 |
|
| 801 | 0 |
_aRU _bNLR _gpsbo |
|
| 801 | 1 |
_aRU _bELAR _2rusmarc |
|
| 852 |
_aNLR _jДл02 Г-7/4(1) |
||
| 942 | _cBOOK | ||
| 980 | _aNB | ||